Statistics for Seoul City Trivia

Click here to take the quiz!

General Stats

  • This quiz has been taken 155 times
  • The average score is 12 of 34

Answer Stats

HintAnswer% Correct
District which PSY rapped about in 2012Gangnam
91%
Major sport events hosted 1988Summer Olympics
81%
Nearest capitals cities to SeoulBeijing
76%
Nearest capitals cities to SeoulPyongyang
76%
Major company (Electronics)Samsung
76%
Major company (Automotive)Hyundai
64%
Biggest subdivisions of SeoulIncheon
64%
Major sport events hosted 2002World Cup
64%
River Seoul is situated onHan River
56%
K-pop group of Rap MonsterBTS
50%
Major company (Electronics)LG
45%
Most prestigious universities{Korea} University
43%
Most prestigious universitiesSeoul {National} Univerisity
37%
Sea Seoul Capital Area overseesYellow Sea
37%
World's largest indoor theme parkLotte World
31%
Most famous shopping areaMyeong-dong
30%
Most prestigious universities{Yonsei} University
28%
K-pop group of G-DragonBigBang
26%
Major sport events hosted 1986Asian Games
24%
Most famous tower{N} {Seoul} Tower
24%
Province Seoul is almost surrounded byGyeonggi
22%
K-pop group of TaeyeonGirls' Generation
21%
Former royal palace of the Joseon dynastyGyeongbokgung
19%
Official name of SeoulSeoul {Special} {City}
17%
Biggest subdivisions of SeoulSuwon
17%
Talles mountain in SeoulBukhansan
16%
K-pop group of SunmiWonder Girls
16%
Major sport events hosted 1988Paralympics
15%
Biggest subdivisions of SeoulGoyang
13%
Kingdom that founded SeoulBaekje
12%
Historic gate set on fire in 2008Namdaemun
10%
Major company (Conglomerate)Sunkyong
9%
2006 monster movie set in SeoulThe Host
9%
Seoul's name during Japanese ruleKeijō
8%

Score Distribution

Percentile by Number Answered

Percent of People with Each Score

Your Score History

You have not taken this quiz